000 00471nam a22001697a 4500
005 20251108164653.0
008 250721s9999 xx 000 0 ara d
082 1 4 _a811.06/جود
100 1 _aأبو الجود،
245 1 0 _aنشيدنا /
250 _aط4.
264 1 _aالقاهرة :
_bدار السلام للطباعة،
_c[19-].
650 1 7 _aالشعر الديني
700 1 _aزنجير، عبد القادر
942 _2ddc
_cBK
999 _c11446
_d11446